Tratados Internacionais A ordem jurd̕ica brasileira /

Detalles Bibliográficos
Autor principal: Cateli Rosa, Andr ̌Lus̕
Formato: eBook
Lenguaje:portugués
Publicado: San Pablo: Letras Jurídicas Editora, 2011
Materias:
Acceso en línea:Acceso restringido

MARC

LEADER 00000nam a22000007a 4500
005 2021011104314.0
007 cr|||| ||||
008 210111s2011 br |||||s|||| 00||0 por d
020 |a 978-85-89917-60-5 
035 |a 32506 
040 |a vLex 
090 |c 11070  |d 11070 
100 1 |a Cateli Rosa, Andr ̌Lus̕ 
245 1 0 |a Tratados Internacionais  |h [Recurso electrn̤ico] :  |b A ordem jurd̕ica brasileira /  |c Andr ̌Lus̕ Cateli Rosa 
256 |a Servicio en ln̕ea 
260 |a San Pablo:  |b Letras Jurídicas Editora,  |c 2011 
300 |a 1 recurso electrn̤ico 
500 |a O presente livro aborda aspectos referentes ̉formaȯ̂ dos tratados internacionais, o direito que os rege, bem como sua incorporaȯ̂ ao ordenamento jurd̕ico pt̀rio. Seu desenvolvimento ̌fruto da dissertaȯ̂ de Mestrado defendida no Programa de Ps̤-Graduaȯ̂ em Direito do UNIVEM, e segue a linha de pesquisa "fundamentos ter̤icos crt̕icos da dogmt̀ica jurd̕ica", tendo por finalidade demonstrar, de maneira crt̕ica, a forma pela qual a falta de dinḿica presente no direito positivo brasileiro em relaȯ̂ ao direito internacional pode prejudicar o relacionamento de nosso pas̕ em vr̀ios aspectos no que tange ao relacionamento com os outros Estados presentes na ordem jurd̕ica internacional. 
506 1 |a Disponible solo en los productos indicados  |d vLex Global  |d vLex Global (Academic Edition, excluding Law Schools)  |d vLex Global (U.S. Academic Edition, Law Schools)  |d vLex Global (U.S. Academic Edition, excluding Law Schools)  |d vLex Global (Academic Edition, Law Schools) 
650 0 4 |a Derecho Constitucional  |z Brasil 
650 0 4 |a Derecho Internacional  |z Brasil 
740 0 |a vLex Libros (Servicio en ln̕ea) 
856 4 0 |u http://vlex.com/source/tratados-internacionais-a-ordem-juridica-brasileira-32506  |z Acceso restringido 
942 |c BOOK 
999 0 |a Constitutional Law 
999 0 |a International Law